Advances in agronomy. V.79 (Record no. 42153)

MARC details
000 -LEADER
fixed length control field 00425nam a2200157Ia 4500
082 ## - DEWEY DECIMAL CLASSIFICATION NUMBER
Classification number 631/635
Item number ADV.79
100 ## - MAIN ENTRY--AUTHOR NAME
Personal name Sparks, Donald L
245 #0 - TITLE STATEMENT
Title Advances in agronomy. V.79
260 ## - PUBLICATION, DISTRIBUTION, ETC. (IMPRINT)
Place of publication USA
Name of publisher Academic Press
Year of publication 2003
650 ## - SUBJECT ADDED ENTRY--TOPICAL TERM
Topical Term Arbuscular mycorrhizal fungi
650 ## - SUBJECT ADDED ENTRY--TOPICAL TERM
Topical Term Crop management
650 ## - SUBJECT ADDED ENTRY--TOPICAL TERM
Topical Term Hevea breeding
650 ## - SUBJECT ADDED ENTRY--TOPICAL TERM
Topical Term Soil quality management
942 ## - ADDED ENTRY ELEMENTS (KOHA)
Koha item type Books
Holdings
Withdrawn status Lost status Damaged status Not for loan Home library Current library Date acquired Cost, normal purchase price Full call number Accession Number Koha item type
        RRII Library RRII Library 16/12/2021 124.00 631/635 ADV.79 22429 Books